Football Teams Iago Aspas Played For - Statistics

General Stats
  • This quiz has been taken 46 times
  • The average score is 5 of 6
Answer Stats
League Years Team % Correct
Spain 2009-2013 RC Celta de Vigo
100%
Spain 2015- RC Celta de Vigo
100%
Spain 2006-2009 RC Celta Fortuna
100%
England 2013-2014 Liverpool FC
90%
Spain 2014-2015 Sevilla FC
63%
Spain 2005-2006 Club Rápido de Bouzas
13%
No matching quizzes found
Score Distribution
Percent of People with Each Score
Percentile by Number Answered
Your Score History
You have not taken this quiz